000 00387nam a2200157Ia 4500
008 151213s9999 xx 000 0 und d
100 _aW. Y. Stanton
245 _aFundamental of Marketing
_cW. Y. Stanton
250 _a10th
260 _aLondon
_bThe Mc Graw Hill
_c1994
300 _a2731 p.
650 _aMarketing
650 _aMarketing
700 _aW. Y. Stanton
999 _c1842
_d1842